| 000 | 00757nam a2200169Ia 4500 | ||
|---|---|---|---|
| 008 | 090711s9999 xx 000 0 und d | ||
| 082 | _b26570 | ||
| 100 | _aमाण्डवकर भाऊ | ||
| 245 | _aराष्ट्रसंत तुकडोजी आणि स्वातंत्र्याSाी Sाळवळ | ||
| 260 | _c1971 | ||
| 300 | _a88 | ||
| 600 | _aमाण्डवकर भाऊ | ||
| 630 | _aराष्ट्रसंत तुकडोजी आणि स्वातंत्र्याSाी Sाळवळ | ||
| 700 | _aमाण्डवकर भाऊ | ||
| 730 | _aराष्ट्रसंत तुकडोजी आणि स्वातंत्र्याSाी Sाळवळ | ||
| 942 | _cBOOK | ||
| 999 |
_c319773 _d319773 |
||